000 00596nam a22001577a 4500
003 macl
005 20241019124242.0
008 241018b |||||||| |||| 00| 0 eng d
040 _cmacl
082 _a540
100 _aवर्मा ,डॉ ..आर के.
_982556
245 _aMaster the Ncert for neet -jeeरसायन विज्ञान भाग -०-02ncert कक्षा -xll पर आधारित
260 _aदिल्‍ली
_bअरिहन्‍त प्रकाशन
_c2024
650 _aरसायन विज्ञान
_951767
942 _2ddc
_cC. BOOKS
999 _c67098
_d67098